[Event "Landesliga U20 Sued 1718"]
[Site "Bayern"]
[Date "2017.12.02"]
[Round "2.3"]
[White "Krivoseev, Edwin"]
[Black "Kretzler, Benedikt"]
[Result "0-1"]
[WhiteElo "868"]
[BlackElo "1567"]
[PlyCount "56"]
[EventDate "2017.11.18"]
[EventType "team-tourn"]
[EventRounds "7"]
[EventCountry "GER"]
[SourceTitle "EXT 2022"]
[Source "ChessBase"]
[SourceDate "2021.10.06"]
[SourceVersion "1"]
[SourceVersionDate "2021.10.06"]
[SourceQuality "1"]
[WhiteTeam "Regensburg TS U20"]
[BlackTeam "Sendling SC U20"]
[WhiteTeamCountry "GER"]
[BlackTeamCountry "GE2"]

1. e4 e5 2. Nf3 Nc6 3. d4 exd4 4. Nxd4 Bc5 5. Nxc6 bxc6 6. Nc3 Ne7 7. Bc4 0-0 8. 0-0 d6 9. a3 Be6 10. Bxe6 fxe6 11. Qg4 e5 12. Na4 Bd4 13. c3 Bb6 14. b4 Rf6 15. Nxb6 axb6 16. f4 exf4 17. Bxf4 Ng6 18. Rad1 Rxf4 19. Rxf4 Nxf4 20. Qxf4 Qf6 21. Qxf6 gxf6 22. c4 Rxa3 23. Kf2 Rc3 24. g4 Rxc4 25. Kf3 Rxb4 26. Kf4 Kf7 27. h4 d5 28. Kf5 Rxe4 0-1